• 首页
  • 本馆介绍
  • 公告通知
  • 最新文献
  • 馆藏检索
  • 电子资源
  • 读者荐购
  • 参考咨询
  • CALIS
  • 我的图书馆
  • 登录
  • 详细信息显示
  • 放入我的书架
  • 预约/预借图书
  • 作者相关作品
  • 分类相关作品
  • 丛书相关作品
  • 出版社相关作品

书目信息

  • 表格格式
  • 工作单格式
  • 卡片格式
题名:
孔子家语
    
 
作者: 陈渔 , 郑义 主编
分册:  
出版信息: 长春   吉林人民出版社  2007.06
页数: 246页
开本: 21cm
丛书名: 中华传世名著经典读本
单 册:
中图分类: B222.2
科图分类:
主题词:
电子资源:
ISBN: 978-7-206-04528-8
 
 
 
 
 
000 00968nam 2200277 450
001 012008568423
005 20080507112022.32
010    @a978-7-206-04528-8@dCNY12.00
100    @a20080507d2007 em y0chiy0120 ea
101 0  @achi
102    @aCN@b220000
105    @aa z 000yy
106    @ar
200 1  @a孔子家语@Akong zi jia yu@f陈渔, 郑义主编@Fchen yu,zheng yi zhu bian
205    @a第2版
210    @a长春@c吉林人民出版社@d2007.06
215    @a246页@c图@d21cm
225 2  @a中华传世名著经典读本@Azhong hua chuan shi ming zhu jing dian du ben
330    @a本书全文选录了《孔子家语》原著,通过题解、注释、译文等加工,对原著进行了必要的整理,题解追述了《孔子家语》原书的成书背景及主要思想。
410  0 @12001 @a中华传世名著经典读本
600  0 @a孔丘,@Akong qiu@f前551-前479@x语录@x注释
690    @aB222.2@v4
701  0 @a陈渔@Achen yu@4主编
701  0 @a郑义@Azheng yi@4主编
801  0 @aCN@bQSSK@c20080507
905    @b705860-62@dB222.2@eC638@f3
    
    孔子家语/陈渔, 郑义主编.-第2版.-长春:吉林人民出版社,2007.06
    246页:图;21cm.-(中华传世名著经典读本)
    
    
    ISBN 978-7-206-04528-8:CNY12.00
    本书全文选录了《孔子家语》原著,通过题解、注释、译文等加工,对原著进行了必要的整理,题解追述了《孔子家语》原书的成书背景及主要思想。
●
相关链接 在E读中查询图书 在当当中查询图书 在豆瓣中查询图书


正题名:孔子家语     索取号:B222.2/C638         预约/预借

序号 登录号 条形码 馆藏地/架位号 状态 备注
1 705860   207058609   社科库509/509社科库 10排3列5层/ [索取号:B222.2/C638] 在馆    
2 705861   207058618   社科库509/509社科库 10排3列5层/ [索取号:B222.2/C638] 在馆    
3 705862   207058627   社科库509/509社科库 10排3列5层/ [索取号:B222.2/C638] 在馆    
河南城建学院图书馆 欢迎您!
大连网信软件有限公司© 版权所有